00869nam a22002535i 450000100090000000300050000900500170001400800410003101000170007202000240008902000150011304000230012808200200015110000180017124500440018925000170023326300090025026400530025930000130031233600260032533700280035133800270037950502090040618945081NUST20221214083324.0160121s2016 inu 000 0 eng  a 2016931380 a9781119177210 (pbk) a1119177219 aDLCbengerdacDLC a794.8151023,BRE1 aBreen, Derek.10aDesigning digital games /cDerek Breen. a1st edition. a1603 1aIndianapolis, IN :bJohn Wiley and Sons.,c2016. apages cm atextbtxt2rdacontent aunmediatedbn2rdamedia avolumebnc2rdacarrier aIntroduction all about scratch (Page-2), Project 1. Design a classic videogame (Page-7), Project 2. Super snake (Page-28), Project 3. A-maze-ing game (Page-51), Project 4. Attacking the clones (Page-79),